LEADER 01100cam0 2200313 450 001 E600200030341 005 20201120084305.0 010 $a8806599275 100 $a20071015d1987 |||||ita|0103 ba 101 $aita 102 $aIT 200 1 $aPagine ebraiche$fArnaldo Momigliano$ga cura di Silvia Berti 210 $aTorino$cEinaudi$d1987 215 $aXXXI, 254 p.$d21 cm 225 2 $aSaggi$v703 410 1$1001LAEC00014985$12001 $a*Saggi$v703 700 1$aMomigliano$b, Arnaldo$3A600200029386$4070$0128218 702 1$aBerti, Silvia$3A600200031338$4070 801 0$aIT$bUNISOB$c20201120$gRICA 850 $aUNISOB 852 $aUNISOB$j900$m85430 852 $aUNISOB$j000|Coll|11|K$m50801 912 $aE600200030341 940 $aM 102 Monografia moderna SBN 941 $aM 957 $a900$b003099$gSi$d85430$rAcquisto$1pregresso2$2UNISOB$3UNISOB$420071015090410.0$520201120084305.0$6rovito 957 $a000|Coll|11|K$b000283$gSi$d50801$rAcquisto$1pregresso3$2UNISOB$3UNISOB$420050623085152.0$520201110100458.0$6Spinosa 996 $aPagine ebraiche$9178108 997 $aUNISOB LEADER 01577nam0 22003131i 450 001 UON00069741 005 20231205102346.87 100 $a20020107d1987 |0itac50 ba 101 $aeng 102 $aGB 105 $a|||| ||||| 200 1 $aˆA ‰thesaurus of African languages$eA classified and annoted inventory of the spoken languages of Africa with an appendix on their written representation$fByMichael Mann and David Dalby 210 $aLondon$cHans Zell Publishers$d1987 215 $a325 p.$d30 cm 316 $a*Volume doppio$5IT-UONSI A AfrLING/016 bis 316 $a*Volume doppio$5IT-UONSI A AfrLING/016 bis 606 $aLINGUE AFRICANE$xClassificazione$3UONC019748$2FI 620 $aGB$dLondon$3UONL003044 676 $a496$cLINGUE AFRICANE$v21 700 1$aMANN$bMichael$3UONV043802$0374903 701 1$aDALBY$bDavid$3UONV042944$0657775 712 $aZell$3UONV256694$4650 801 $aIT$bSOL$c20240220$gRICA 912 $aUON00069741 950 $aSIBA - SISTEMA BIBLIOTECARIO DI ATENEO$dSI A Afr LING 016 bis $eSI AA 9427 7 016 bis *Volume doppio 950 $aSIBA - SISTEMA BIBLIOTECARIO DI ATENEO$dSI A Afr LING 016 bis $eSI AA 9517 7 016 bis *Volume doppio 950 $aSIBA - SISTEMA BIBLIOTECARIO DI ATENEO$dSI A Afr LING 016 $eSI AA 9518 7 016 996 $aThesaurus of African languages$91160811 997 $aUNIOR